000 00414nam a2200181Ia 4500
005 20240823025532.0
008 240823s9999||||xx |||||||||||||| ||und||
041 _aENGLISH
082 _A621.38835 M8
100 _aAppukutty V
245 0 _aAntenna Hand Book
250 _a2nd
260 _c1988
_b"BPB,New Delhi"
500 _aTRANSFERED
650 _aAntenna
_bElectronics
942 _cBK
999 _c186549
_d186549